| 000 | 00944nam a2200277 i 4500 | ||
|---|---|---|---|
| 001 | 19171 | ||
| 003 | ES-MaACL | ||
| 005 | 20250828112808.0 | ||
| 007 | t| | ||
| 008 | 010302s2001 sp ||||0| spa j | ||
| 020 | _a84-362-4214-9 | ||
| 040 |
_aM-BN _bspa _cM-BN |
||
| 080 | _a341.9(075.8) | ||
| 245 | 0 | 0 |
_aDerecho internacional privado / _cdirigido por, Elisa Pérez Vera ; con la colaboración de, Paloma Abarca Junco ... [et al.]. |
| 250 | _a3ª ed. | ||
| 260 |
_aMadrid : _bUNED, _c2001. |
||
| 300 |
_a2 v ; _c24 cm. |
||
| 490 | 1 | _aUnidades didácticas | |
| 505 | 8 | _av. 1. [Sin título] (467 p.) v. 2. Derecho civil internacional (366 p.) | |
| 650 | 0 | 7 |
_aDerecho internacional privado _2embne _911721 |
| 700 | 1 |
_aPérez Vera, Elisa. _991198 |
|
| 700 | 1 |
_aAbarca Junco, Ana Paloma, _917970 |
|
| 830 | 0 | 0 |
_aUnidades didácticas (UNED) _9184098 |
| 852 |
_aES-MaACL _jL-25603-4 _bR.131263 |
||
| 999 |
_c19171 _d19171 |
||